| 000 | 01348nam a22003495i 4500 | ||
|---|---|---|---|
| 999 |
_c2817 _d2817 |
||
| 003 | EG-ScBUE | ||
| 005 | 20201102103845.0 | ||
| 008 | 200219t20052005nyu f b 001 0 eng d | ||
| 020 | _a0321280342 | ||
| 020 | _a9780321280343 | ||
| 040 |
_aEG-ScBUE _beng _erda _cEG-ScBUE _dEG-ScBUE |
||
| 082 | 0 | 4 |
_a808.0427 _bLIT _222 |
| 245 | 0 | 0 |
_aLiterature for composition : _bessays, fiction, poetry, and drama / _cedited by Sylvan Barnet, Tufts University, William Burto, University of Lowell, William E. Cain, Wellesley College. |
| 250 | _aSeven edition. | ||
| 264 | 1 |
_aNew York : _bPearson Education / Longman, _c[2005] |
|
| 264 | 4 | _cc2005 | |
| 300 |
_axxxviii, 1410 pages : _billustrations (some color) ; _c24 cm |
||
| 336 |
_atext _btxt _2rdacontent |
||
| 337 |
_aunmediated _bn _2rdamedia |
||
| 338 |
_avolume _bnc _2rdacarrier |
||
| 504 | _aIncludes bibliographical references and index. | ||
| 650 | 7 |
_aCollege readers. _2BUEsh |
|
| 650 | 7 |
_aEnglish language _xRhetoric _vProblems, exercises, etc. _2BUEsh |
|
| 650 | 7 |
_aCriticism _xAuthorship _vProblems, exercises, etc. _2BUEsh |
|
| 650 | 7 |
_aAcademic writing _vProblems, exercises, etc. _2BUEsh |
|
| 651 | _2BUEsh | ||
| 653 |
_bHHUUEENN _cNovember2020 |
||
| 700 | 1 |
_aBarnet, Sylvan, _eeditor. |
|
| 700 | 1 |
_aBurto, William, _eeditor. |
|
| 700 | 1 |
_aCain, William E., _d1952- _eeditor. |
|
| 942 |
_cBB _2ddc |
||